[Event "Sunway Formentera op 3rd"]
[Site "Sant Ferran de ses Roques"]
[Date "2024.04.13"]
[Round "5"]
[White "Cervantes Landeiro, Thalia"]
[Black "Sosa, Tomas"]
[Result "1-0"]
[WhiteElo "2219"]
[BlackElo "2562"]
[PlyCount "91"]
[EventDate "2024.04.09"]
[EventType "swiss"]
[EventRounds "10"]
[EventCountry "ESP"]
[SourceTitle "CB17_2024"]
[SourceDate "2024.04.24"]
[SourceVersion "1"]
[SourceVersionDate "2024.04.24"]
[SourceQuality "1"]

1. d4 g6 2. c4 Bg7 3. Nc3 d6 4. e4 c5 5. d5 Bxc3+ 6. bxc3 e5 7. Bd3 Nd7 8. Ne2 h5 9. h4 Qe7 10. Be3 f5 11. exf5 e4 12. Bg5 Ndf6 13. Bc2 Bxf5 14. Ba4+ Kf8 15. 0-0 Rh7 16. f3 Rf7 17. fxe4 Bg4 18. Qd2 Kg7 19. Ng3 Raf8 20. Rae1 Qc7 21. e5 dxe5 22. d6 Qa5 23. Bc2 Nd7 24. Rxf7+ Rxf7 25. Qd3 Bf5 26. Nxf5+ gxf5 27. Rf1 e4 28. Qg3 Kf8 29. Bd1 Ndf6 30. Rxf5 Qb6 31. Qf4 Qb1 32. Bxf6 Qxd1+ 33. Kh2 Ke8 34. Re5+ Kf8 35. Bg7+ Kxg7 36. Qg5+ Kh7 37. Rd5 Qe2 38. d7 Nh6 39. Qxh6+ Kxh6 40. d8Q Qg4 41. Qh8+ Kg6 42. Rg5+ Qxg5 43. hxg5 Kxg5 44. Qe5+ Kh6 45. Qxc5 Kg6 46. Qe5 1-0

[Event "Sunway Formentera op 3rd"]
[Site "Sant Ferran de ses Roques"]
[Date "2024.04.09"]
[Round "1"]
[White "Bauer, Thomas"]
[Black "Sosa, Tomas"]
[Result "0-1"]
[WhiteElo "2192"]
[BlackElo "2562"]
[PlyCount "86"]
[EventDate "2024.04.09"]
[EventType "swiss"]
[EventRounds "10"]
[EventCountry "ESP"]
[SourceTitle "CB17_2024"]
[SourceDate "2024.04.24"]
[SourceVersion "1"]
[SourceVersionDate "2024.04.24"]
[SourceQuality "1"]

1. e4 e5 2. d4 d6 3. Nc3 Nf6 4. h3 exd4 5. Qxd4 Nc6 6. Bb5 Bd7 7. Bxc6 Bxc6 8. Bf4 Be7 9. 0-0-0 0-0 10. g4 Re8 11. f3 Nd7 12. Nge2 Bg5 13. Kb1 a5 14. Qf2 Bxf4 15. Nxf4 b5 16. h4 b4 17. Nce2 a4 18. g5 b3 19. cxb3 axb3 20. a3 Ne5 21. Nc3 Ra5 22. Rhg1 Qa8 23. Nh5 Qa7 24. Qe2 Qa6 25. Qf2 Qa7 26. Qe2 Qa6 27. Qf2 Qc4 28. Rg2 Rea8 29. Qe3 Qb4 30. Qf2 Rxa3 31. bxa3 Qxc3 32. Nf6+ Kh8 33. Qe1 Qxe1 34. Rxe1 gxf6 35. Rc1 f5 36. Rc3 fxe4 37. f4 e3 38. Re2 Be4+ 39. Kb2 Nd3+ 40. Kxb3 Rb8+ 41. Kc4 Nxf4 42. Rexe3 Bd5+ 43. Kd4 c5+ 0-1

[Event "Menorca op 3rd"]
[Site "Ciutadella de Menorca"]
[Date "2024.04.06"]
[Round "8"]
[White "Macias Pino, Diego"]
[Black "Sosa, Tomas"]
[Result "0-1"]
[WhiteElo "2478"]
[BlackElo "2562"]
[PlyCount "74"]
[EventDate "2024.04.02"]
[EventType "swiss"]
[EventRounds "9"]
[EventCountry "ESP"]
[SourceTitle "CB15_2024"]
[SourceDate "2024.04.10"]
[SourceVersion "1"]
[SourceVersionDate "2024.04.10"]
[SourceQuality "1"]

1. e4 e5 2. Nf3 Nc6 3. Bc4 Bc5 4. d3 Nf6 5. c3 d6 6. 0-0 a6 7. a4 Ba7 8. Re1 Ng4 9. Re2 Qf6 10. b4 Qg6 11. Nbd2 f5 12. exf5 Bxf5 13. d4 0-0-0 14. h3 d5 15. Nh4 Qh5 16. Nxf5 Nxf2 17. Qf1 exd4 18. Rxf2 dxc3 19. Be2 Qg6 20. Nb3 Bxf2+ 21. Qxf2 Rhf8 22. Bd3 Kb8 23. Qc5 Ne5 24. Bc2 Nf3+ 25. Kh1 Ne1 26. g4 Nxc2 27. Bf4 Nxa1 28. Bxc7+ Ka8 29. Bxd8 Rxd8 30. Nxa1 d4 31. Nb3 Qe8 32. Nfxd4 Rc8 33. Qf5 c2 34. Nc1 g6 35. Qf2 Qxa4 36. Qd2 Rc4 37. Ne6 Qc6+ 0-1

[Event "Roquetas de Mar op 35th"]
[Site "Roquetas de Mar"]
[Date "2024.01.04"]
[Round "4"]
[White "Sosa, Tomas"]
[Black "Habans Aguerrea, Javier"]
[Result "1-0"]
[WhiteElo "2554"]
[BlackElo "2368"]
[PlyCount "195"]
[EventDate "2024.01.02"]
[EventType "swiss"]
[EventRounds "9"]
[EventCountry "ESP"]
[SourceTitle "CB02_2024"]
[SourceDate "2024.01.10"]
[SourceVersion "1"]
[SourceVersionDate "2024.01.10"]
[SourceQuality "1"]

1. e4 c6 2. Nf3 d5 3. Nc3 dxe4 4. Nxe4 Nf6 5. Qe2 Nxe4 6. Qxe4 Nd7 7. c3 Nf6 8. Qc2 Bg4 9. Ne5 Bh5 10. Qb3 Qc7 11. d4 e6 12. g3 Be7 13. Bg2 0-0 14. 0-0 Rfd8 15. Re1 Qb6 16. Nc4 Qxb3 17. axb3 Nd5 18. b4 Kf8 19. h3 Bg6 20. Bd2 Bf6 21. Ra3 Be7 22. Bf3 a6 23. h4 Nxb4 24. cxb4 Rxd4 25. Rc1 Rxd2 26. Nxd2 Bxb4 27. Nb3 Bxa3 28. bxa3 Rd8 29. Nc5 b6 30. Nxa6 Rd3 31. Bxc6 Rxa3 32. Nb8 Ke7 33. Bg2 Rb3 34. Rc7+ Kd6 35. Rd7+ Kc5 36. Rd1 Kb4 37. Nd7 b5 38. Ne5 Rb1 39. Rf1 Bc2 40. Nxf7 Kc3 41. Rxb1 Bxb1 42. Bh3 Bf5 43. g4 Be4 44. Nd6 Bd3 45. g5 e5 46. Be6 b4 47. Kg2 b3 48. Bxb3 Kxb3 49. Ne8 g6 50. Nf6 Kc4 51. Kg3 Kd4 52. Nxh7 Ke4 53. Nf6+ Kf5 54. Nd5 Ke6 55. Ne3 Be2 56. Ng4 Kf5 57. Nf6 Ke6 58. Ne4 Kf5 59. f3 Bd3 60. Nd6+ Ke6 61. Ne8 Ke7 62. Nf6 Ke6 63. Kf2 Bb5 64. Ke3 Bc6 65. Ne4 Bd5 66. Kf2 Bc6 67. Kg3 Kf5 68. Nd6+ Ke6 69. Nc4 Bd5 70. Ne3 Bc6 71. Kg4 Ke7 72. Nc4 Bd7+ 73. Kg3 Ke6 74. Ne3 Bc6 75. Kg4 Ke7 76. Ng2 Bd7+ 77. Kg3 Bc6 78. Ne1 Bb5 79. Nc2 Bc6 80. Nb4 Bb7 81. Nd3 Kd6 82. Ne1 Bc6 83. Nd3 Bb5 84. Nf2 Bc6 85. Ne4+ Ke7 86. Nf6 Kf7 87. Kg4 Bb7 88. Ne4 Bc8+ 89. Kg3 Bd7 90. Nf6 Bc6 91. Kg4 Bb7 92. h5 gxh5+ 93. Kxh5 Bxf3+ 94. Kh6 Bd1 95. Ne4 Ke6 96. g6 Kf5 97. Nd2 Kf6 98. g7 1-0

[Event "Dos Hermanas rapid 31st"]
[Site "Dos Hermanas"]
[Date "2019.05.25"]
[Round "4"]
[White "Sanchez Jimenez, Juan Carlos"]
[Black "Sosa, Tomas"]
[Result "1-0"]
[WhiteElo "2227"]
[BlackElo "2013"]
[PlyCount "108"]
[EventDate "2019.05.25"]
[EventType "swiss (rapid)"]
[EventRounds "8"]
[EventCountry "ESP"]
[SourceTitle "CBM 190 Extra"]
[Source "ChessBase"]
[SourceDate "2019.07.15"]
[SourceVersion "1"]
[SourceVersionDate "2019.07.15"]
[SourceQuality "1"]

1. d4 Nf6 2. c4 d6 3. Nc3 Bf5 4. g3 c6 5. Bg2 e5 6. Nf3 Nbd7 7. 0-0 Be7 8. Nh4 Bg6 9. d5 Rc8 10. dxc6 bxc6 11. Nxg6 hxg6 12. e4 a5 13. Be3 Nc5 14. Bxc5 dxc5 15. Qe2 Qc7 16. Rad1 0-0 17. Bh3 Rcd8 18. Rxd8 Rxd8 19. Rd1 Rd4 20. Rxd4 cxd4 21. Na4 Qb8 22. b3 Qb4 23. Bf1 Bc5 24. Kg2 Ba7 25. Nb2 Nd7 26. Nd3 Qd6 27. Qc2 Bc5 28. Be2 Ba3 29. f3 Bb4 30. Qc1 Qe7 31. Qc2 Bc3 32. Qc1 f5 33. Nf2 Nc5 34. Qc2 Qg5 35. exf5 gxf5 36. Nd3 Nxd3 37. Bxd3 g6 38. Qe2 Qf6 39. g4 Kf7 40. h3 Ke6 41. Qc2 Qg5 42. Qe2 Bd2 43. c5 Be3 44. Bc2 Qh4 45. Bd3 Kf6 46. Ba6 e4 47. fxe4 fxe4 48. Qf1+ Ke7 49. Bb7 Qf6 50. Qxf6+ Kxf6 51. Bxc6 Ke5 52. Bb5 d3 53. c6 Bb6 54. h4 Kf4 1-0

[Event "Santo Domingo U2080 op"]
[Site "Santo Domingo"]
[Date "2016.06.10"]
[Round "1"]
[White "Espinal Garcia, Sergio Antonio D"]
[Black "Sosa, Tomas"]
[Result "0-1"]
[WhiteElo "1691"]
[BlackElo "1999"]
[PlyCount "100"]
[EventDate "2016.06.10"]
[EventType "swiss"]
[EventRounds "8"]
[EventCountry "DOM"]
[SourceTitle "CBM 172 Extra"]
[Source "ChessBase"]
[SourceDate "2016.06.21"]
[SourceVersion "1"]
[SourceVersionDate "2016.06.21"]
[SourceQuality "1"]

1. e4 e5 2. Nf3 Nc6 3. Bb5 Bc5 4. 0-0 Qf6 5. Nc3 Nge7 6. Nd5 Nxd5 7. exd5 Ne7 8. d3 h6 9. Qe2 0-0 10. Qxe5 Qxe5 11. Nxe5 d6 12. Nf3 Nxd5 13. h3 Be6 14. Bd2 a5 15. d4 Bb6 16. c3 c6 17. Bd3 a4 18. a3 Bc7 19. Rfe1 Rfe8 20. Re2 Nb6 21. Rae1 Kf8 22. Nh4 Rad8 23. Ng6+ Kg8 24. Nf4 Bd7 25. Rxe8+ Rxe8 26. Rxe8+ Bxe8 27. Ne2 Bd7 28. Ng3 Be6 29. Ne4 Kf8 30. Ng3 Bc4 31. Bf1 d5 32. Nf5 Bxf1 33. Kxf1 Nc4 34. Bc1 f6 35. Ke2 Kf7 36. Kd3 h5 37. Ne3 b5 38. Nxc4 bxc4+ 39. Ke2 g5 40. Kf3 Kg6 41. g4 f5 42. gxf5+ Kxf5 43. Bd2 Bd6 44. Bc1 c5 45. Bd2 cxd4 46. cxd4 g4+ 47. hxg4+ hxg4+ 48. Ke2 Ke4 49. Bc3 Be7 50. Kf1 Bf6 0-1